MARC

LEADER 00000nam0a2200000 4500
001 286640
005 20231101235919.0
020 |a RU  |b 85-67835 
035 |a (RuTPU)RU\TPU\book\310964 
090 |a 286640 
100 |a 20150306d1985 k y0rusy5003 ca 
101 0 |a rus 
102 |a RU 
105 |a a z 001zy 
200 1 |a Молекулярные механизмы радиационной гибели клеток  |f К. П. Хансон, В. Е. Комар 
210 |a Москва  |c Энергоатомиздат  |d 1985 
215 |a 151 с.  |c ил. 
320 |a Библиогр.: с. 141-148 
606 |a Радиобиология  |x (радиотерапия)  |2 stltpush  |3 (RuTPU)RU\TPU\subj\22518  |9 47265 
610 1 |a клетки 
610 1 |a гибель 
610 1 |a характеристики 
610 1 |a выживаемость 
610 1 |a ДНК 
610 1 |a хромосомные аберрации 
610 1 |a геном 
610 1 |a нарушения 
610 1 |a РНК 
610 1 |a хроматин 
610 1 |a деградация 
675 |a 615.84  |v 3 
700 1 |a Хансон  |b К. П.  |g Кайдо Паулович 
701 1 |a Комар  |b В. Е.  |g Валентин Евгеньевич 
801 0 |a RU  |b RuMRKP  |c 19950704  |g psbo 
801 1 |a RU  |b 63413507  |c 20150306 
801 2 |a RU  |b 63413507  |c 20180119  |g RCR 
942 |c BK